000 00283nam a22001337a 4500
008 170303b xxu||||| |||| 00| 0 eng d
020 _a9780073525266
041 _aeng
080 _24TH
_a575
100 _a6
101 _aSHM
245 _aGENETICS
_cHARTWELL, L.H
942 _2udc
_cBK
999 _c6724
_d6724